L'arte del vivere bene (Record no. 217410)
[ view plain ]
| 000 -LEADER | |
|---|---|
| fixed length control field | 01373nam a2200205Ia 4500 |
| 001 - CONTROL NUMBER | |
| control field | a1788-44629 |
| 003 - CONTROL NUMBER IDENTIFIER | |
| control field | IT-MiCISF |
| 008 - FIXED-LENGTH DATA ELEMENTS--GENERAL INFORMATION | |
| fixed length control field | 161014s9999||||xx |||||||||||||| ||und|| |
| 040 ## - CATALOGING SOURCE | |
| Original cataloging agency | IT-MiCISF |
| Transcribing agency | IT-MiCISF |
| 041 ## - LANGUAGE CODE | |
| Language code of text/sound track or separate title | it |
| 999 ## - SYSTEM CONTROL NUMBERS (KOHA) | |
| Koha Dewey Subclass [OBSOLETE] | si |
| 100 ## - MAIN ENTRY--PERSONAL NAME | |
| Personal name | Pelàez Michelangelo |
| 245 #0 - TITLE STATEMENT | |
| Title | L'arte del vivere bene |
| Remainder of title | Beni, virtù, norme |
| 250 ## - EDITION STATEMENT | |
| Edition statement | 1a ed. |
| 260 ## - PUBLICATION, DISTRIBUTION, ETC. (IMPRINT) | |
| Place of publication, distribution, etc. | Milano |
| Name of publisher, distributor, etc. | Edizioni Ares |
| Date of publication, distribution, etc. | 2007 |
| 300 ## - PHYSICAL DESCRIPTION | |
| Extent | pp. 304 |
| 500 ## - GENERAL NOTE | |
| General note | / sviluppo-morale, etica, comportamento, stile-di-vita, norme-morali / L'etica appare oggi schiacciata tra lo sviluppo della scienza e il progresso tecnologico, rimuovendo le domande etico-antropologiche per eccellenza: chi sono io? a chi appartengo? quale modo di vivere è migliore e degno dell'uomo? Dalle risposte date a tali interrogativi dipende la comprensione piena dell'uomo in quanto soggetto morale. Lungo un itinerario che dalla grecità giunge ai nostri giorni, l'A. - sacerdote, studioso di etica giuridica - indaga e spiega, con particolare richiamo al mondo dell'università e delle professioni, le condizioni perché la vita umana, nella densità di tutte le sue espressioni pubbliche e private, possa essere una vita riuscita, una vita felice. Non è infatti il vivere da tenere in alto conto, bensì il vivere bene. |
| 650 ## - SUBJECT ADDED ENTRY--TOPICAL TERM | |
| Topical term or geographic name as entry element | Genitorialità e problemi educativi / morale |
| Relator term | 004 |
| 942 ## - ADDED ENTRY ELEMENTS (KOHA) | |
| Koha item type | LIBRO |
| 957 ## - | |
| -- | 1 |
| 999 ## - SYSTEM CONTROL NUMBERS (KOHA) | |
| -- | 1 |
| Withdrawn status | Lost status | Damaged status | Not for loan | Home library | Current library | Date acquired | Total Checkouts | Full call number | Date last seen | Price effective from | Koha item type | Public note |
|---|---|---|---|---|---|---|---|---|---|---|---|---|
| Buone Condizioni | Not For Loan | CISF - Milano | CISF - Milano | 14/10/2016 | a1788-44629 | 14/10/2016 | 14/10/2016 | LIBRO | Data import 15.10.2016 / by Epidotti, Vaglietti |